<?xml version="1.0" encoding="UTF-8"?>
<record
    xmlns:xsi="http://www.w3.org/2001/XMLSchema-instance"
    xsi:schemaLocation="http://www.loc.gov/MARC21/slim http://www.loc.gov/standards/marcxml/schema/MARC21slim.xsd"
    xmlns="http://www.loc.gov/MARC21/slim">

  <leader>05004nam a2200409 a 4500</leader>
  <controlfield tag="001">47715</controlfield>
  <controlfield tag="003">BD-RjUL</controlfield>
  <controlfield tag="005">20211209054357.0</controlfield>
  <controlfield tag="008">161221s2008    bg ||||| |||| 00| 0 ben d</controlfield>
  <datafield tag="020" ind1=" " ind2=" ">
    <subfield code="a">9843000008529 (V-1, Pt-1)</subfield>
    <subfield code="c">: Tk. 1350.00 (V-1, Pt.1-2)</subfield>
  </datafield>
  <datafield tag="020" ind1=" " ind2=" ">
    <subfield code="a">9843000008529 (V-1, Pt-2)</subfield>
    <subfield code="c">: Tk. 1350.00 (V-1, Pt.1-2)</subfield>
  </datafield>
  <datafield tag="020" ind1=" " ind2=" ">
    <subfield code="a">9843000008529 (V-2)</subfield>
    <subfield code="c">: Tk. 1000.00 (V-2)</subfield>
  </datafield>
  <datafield tag="020" ind1=" " ind2=" ">
    <subfield code="a">9843000008529 (V-3)</subfield>
    <subfield code="c">: Tk. 500.00 (V-3)</subfield>
  </datafield>
  <datafield tag="020" ind1=" " ind2=" ">
    <subfield code="a">9843000008529 (V-4)</subfield>
    <subfield code="c">: Tk. 500.00 (V-4)</subfield>
  </datafield>
  <datafield tag="020" ind1=" " ind2=" ">
    <subfield code="a">9843000008529 (V-5)</subfield>
    <subfield code="c">: Tk. 375.00 (V-5)</subfield>
  </datafield>
  <datafield tag="020" ind1=" " ind2=" ">
    <subfield code="a">9843000008529 (V-6)</subfield>
    <subfield code="c">: Tk. 500.00 (V-6)</subfield>
  </datafield>
  <datafield tag="020" ind1=" " ind2=" ">
    <subfield code="a">9843000008529 (V-7)</subfield>
    <subfield code="c">: Tk. 350.00 (V-7)</subfield>
  </datafield>
  <datafield tag="035" ind1=" " ind2=" ">
    <subfield code="a">(BD-RjUL)47834</subfield>
  </datafield>
  <datafield tag="040" ind1=" " ind2=" ">
    <subfield code="a">BD-RjUL</subfield>
    <subfield code="b">ben</subfield>
    <subfield code="c">BD-RjUL</subfield>
  </datafield>
  <datafield tag="041" ind1=" " ind2=" ">
    <subfield code="a">ben</subfield>
  </datafield>
  <datafield tag="082" ind1=" " ind2=" ">
    <subfield code="2">23</subfield>
    <subfield code="a">355.475492</subfield>
    <subfield code="b">BAB 2008</subfield>
  </datafield>
  <datafield tag="110" ind1=" " ind2=" ">
    <subfield code="a">&#x9AC;&#x9BE;&#x9CE;&#x9B2;&#x9BE;&#x9A6;&#x9C7;&#x9B6; &#x9B8;&#x9C7;&#x9A8;&#x9BE;&#x9AC;&#x9BE;&#x9B9;&#x9BF;&#x9A8;&#x9C0;</subfield>
    <subfield code="b">&#x9B8;&#x9C7;&#x9A8;&#x9BE;&#x9B8;&#x9A6;&#x9B0;, &#x9B6;&#x9BF;&#x995;&#x9CD;&#x9B7;&#x9BE; &#x9AA;&#x9B0;&#x9BF;&#x9A6;&#x9AA;&#x9CD;&#x9A4;&#x9B0;</subfield>
    <subfield code="9">182806</subfield>
  </datafield>
  <datafield tag="245" ind1="1" ind2="0">
    <subfield code="a">&#x9AC;&#x9BE;&#x982;&#x9B2;&#x9BE;&#x9A6;&#x9C7;&#x9B6;&#x9C7;&#x9B0; &#x9AE;&#x9C1;&#x995;&#x9CD;&#x9A4;&#x9BF;&#x9AF;&#x9C1;&#x9A6;&#x9CD;&#x9A7; /</subfield>
    <subfield code="c">&#x9AC;&#x9BE;&#x9CE;&#x9B2;&#x9BE;&#x9A6;&#x9C7;&#x9B6; &#x9B8;&#x9C7;&#x9A8;&#x9BE;&#x9AC;&#x9BE;&#x9B9;&#x9BF;&#x9A8;&#x9C0; &#x964;  &#x9B8;&#x9C7;&#x9A8;&#x9BE;&#x9B8;&#x9A6;&#x9B0;, &#x9B6;&#x9BF;&#x995;&#x9CD;&#x9B7;&#x9BE; &#x9AA;&#x9B0;&#x9BF;&#x9A6;&#x9AA;&#x9CD;&#x9A4;&#x9B0; ; &#x9B8;&#x9AE;&#x9CD;&#x9AA;&#x9BE;&#x9A6;&#x9A8;&#x9BE;&#x9AF;&#x9BC; : &#x98F;&#x9B0;&#x9BF;&#x9AF;&#x9BC;&#x9BE; &#x9B8;&#x9A6;&#x9B0; &#x9A6;&#x9AA;&#x9CD;&#x9A4;&#x9B0; &#x99A;&#x99F;&#x9CD;&#x9B0;&#x997;&#x9CD;&#x9B0;&#x9BE;&#x9AE; ; &#x98F;&#x9B0;&#x9BF;&#x9AF;&#x9BC;&#x9BE; &#x9B8;&#x9A6;&#x9B0; &#x9A6;&#x9AA;&#x9CD;&#x9A4;&#x9B0; &#x995;&#x9C1;&#x9AE;&#x9BF;&#x9B2;&#x9CD;&#x9B2;&#x9BE; ; &#x98F;&#x9B0;&#x9BF;&#x9AF;&#x9BC;&#x9BE; &#x9B8;&#x9A6;&#x9B0; &#x9A6;&#x9AA;&#x9CD;&#x9A4;&#x9B0; &#x9B8;&#x9BE;&#x9AD;&#x9BE;&#x9B0; (&#x9EC; &#x9B8;&#x9CD;&#x9AC;&#x9A4;&#x9A8;&#x9CD;&#x9A4;&#x9CD;&#x9B0; &#x98F;&#x9A1;&#x9BF;&#x98F; &#x9AC;&#x9CD;&#x9B0;&#x9BF;&#x997;&#x9C7;&#x9A1;, &#x9E7;&#x9EA; &#x9B8;&#x9CD;&#x9AC;&#x9A4;&#x9A8;&#x9CD;&#x9A4;&#x9CD;&#x9B0; &#x987;&#x99E;&#x9CD;&#x99C;&#x9BF;&#x9A8;&#x9BF;&#x9AF;&#x9BC;&#x9BE;&#x9B0; &#x9AC;&#x9CD;&#x9B0;&#x9BF;&#x997;&#x9C7;&#x9A1;, &#x9EA;&#x9EC; &#x9B8;&#x9CD;&#x9AC;&#x9A4;&#x9A8;&#x9CD;&#x9A4;&#x9CD;&#x9B0; &#x9AA;&#x9A6;&#x9BE;&#x9A4;&#x9BF;&#x995; &#x9AC;&#x9CD;&#x9B0;&#x9BF;&#x997;&#x9C7;&#x9A1;) ; &#x98F;&#x9B0;&#x9BF;&#x9AF;&#x9BC;&#x9BE; &#x9B8;&#x9A6;&#x9B0; &#x9A6;&#x9AA;&#x9CD;&#x9A4;&#x9B0; &#x998;&#x9BE;&#x99F;&#x9BE;&#x987;&#x9B2; ; &#x98F;&#x9B0;&#x9BF;&#x9AF;&#x9BC;&#x9BE; &#x9B8;&#x9A6;&#x9B0; &#x9A6;&#x9AA;&#x9CD;&#x9A4;&#x9B0; &#x9B0;&#x982;&#x9AA;&#x9C1;&#x9B0; ; &#x98F;&#x9B0;&#x9BF;&#x9AF;&#x9BC;&#x9BE; &#x9B8;&#x9A6;&#x9B0; &#x9A6;&#x9AA;&#x9CD;&#x9A4;&#x9B0; &#x9AC;&#x997;&#x9C1;&#x9A1;&#x9BC;&#x9BE; ; &#x98F;&#x9B0;&#x9BF;&#x9AF;&#x9BC;&#x9BE; &#x9B8;&#x9A6;&#x9B0; &#x9A6;&#x9AA;&#x9CD;&#x9A4;&#x9B0; &#x9AF;&#x9B6;&#x9CB;&#x9B0; </subfield>
  </datafield>
  <datafield tag="260" ind1=" " ind2=" ">
    <subfield code="a">&#x9A2;&#x9BE;&#x995;&#x9BE; : </subfield>
    <subfield code="b">&#x98F;&#x9B6;&#x9BF;&#x9AF;&#x9BC;&#x9BE; &#x9AA;&#x9BE;&#x9AC;&#x9B2;&#x9BF;&#x995;&#x9C7;&#x9B6;&#x9A8;&#x9B8;, </subfield>
    <subfield code="c">&#x9E8;&#x9E6;&#x9E6;&#x9EE;</subfield>
  </datafield>
  <datafield tag="300" ind1=" " ind2=" ">
    <subfield code="a">&#x9ED; &#x996;&#x9A3;&#x9CD;&#x9A1; : </subfield>
    <subfield code="b">&#x99A;&#x9BF;&#x9A4;&#x9CD;&#x9B0; ;</subfield>
    <subfield code="c">&#x9E8;&#x9E8; &#x9B8;&#x9C7;&#x9AE;&#x9BF;.</subfield>
  </datafield>
  <datafield tag="505" ind1="0" ind2=" ">
    <subfield code="a">&#x996;&#x9A3;&#x9CD;&#x9A1; &#x9E7;, &#x9AA;&#x9B0;&#x9CD;&#x9AC; &#x9E7; [&#x99A;&#x99F;&#x9CD;&#x9B0;&#x997;&#x9CD;&#x9B0;&#x9BE;&#x9AE;, &#x996;&#x9BE;&#x997;&#x9A1;&#x9BC;&#x9BE;&#x99B;&#x9A1;&#x9BC;&#x9BF;, &#x9B0;&#x9BE;&#x999;&#x9CD;&#x997;&#x9BE;&#x9AE;&#x9BE;&#x99F;&#x9BF;, &#x9AC;&#x9BE;&#x9A8;&#x9CD;&#x9A6;&#x9B0;&#x9AC;&#x9BE;&#x9A8; &#x993; &#x995;&#x995;&#x9CD;&#x9B8;&#x9AC;&#x9BE;&#x99C;&#x9BE;&#x9B0;] -- &#x996;&#x9A3;&#x9CD;&#x9A1; &#x9E7; &#x9AA;&#x9B0;&#x9CD;&#x9AC; &#x9E8; [&#x99A;&#x99F;&#x9CD;&#x9B0;&#x997;&#x9CD;&#x9B0;&#x9BE;&#x9AE;, &#x996;&#x9BE;&#x997;&#x9A1;&#x9BC;&#x9BE;&#x99B;&#x9A1;&#x9BC;&#x9BF;, &#x9B0;&#x9BE;&#x999;&#x9CD;&#x997;&#x9BE;&#x9AE;&#x9BE;&#x99F;&#x9BF;, &#x9AC;&#x9BE;&#x9A8;&#x9CD;&#x9A6;&#x9B0;&#x9AC;&#x9BE;&#x9A8; &#x993; &#x995;&#x995;&#x9CD;&#x9B8;&#x9AC;&#x9BE;&#x99C;&#x9BE;&#x9B0;] -- &#x996;&#x9A3;&#x9CD;&#x9A1; &#x9E8; [&#x9B8;&#x9BF;&#x9B2;&#x9C7;&#x99F;, &#x9B8;&#x9C1;&#x9A8;&#x9BE;&#x9AE;&#x997;&#x99E;&#x9CD;&#x99C;, &#x9AE;&#x9CC;&#x9B2;&#x9AD;&#x9C0;&#x9AC;&#x9BE;&#x99C;&#x9BE;&#x9B0;, &#x9B9;&#x9AC;&#x9BF;&#x997;&#x99E;&#x9CD;&#x99C;, &#x995;&#x9C1;&#x9AE;&#x9BF;&#x9B2;&#x9CD;&#x9B2;&#x9BE;, &#x9AC;&#x9CD;&#x9B0;&#x9BE;&#x995;&#x9CD;&#x9B7;&#x9CD;&#x9AE;&#x9A3;&#x9AC;&#x9BE;&#x9A1;&#x9BC;&#x9BF;&#x9AF;&#x9BC;&#x9BE;,&#x99A;&#x9BE;&#x981;&#x9A6;&#x9AA;&#x9C1;&#x9B0;, &#x9AB;&#x9C7;&#x9A8;&#x9C0;, &#x9A8;&#x9CB;&#x9AF;&#x9BC;&#x9BE;&#x996;&#x9BE;&#x9B2;&#x9BF; &#x98F;&#x9AC;&#x982; &#x9B2;&#x995;&#x9CD;&#x9B7;&#x9C0;&#x9AA;&#x9C1;&#x9B0;]  -- &#x996;&#x9A3;&#x9CD;&#x9A1; &#x9E9; [&#x9A2;&#x9BE;&#x995;&#x9BE;, &#x9AE;&#x9BE;&#x9A8;&#x9BF;&#x995;&#x997;&#x99E;&#x9CD;&#x99C;, &#x997;&#x9BE;&#x99C;&#x9C0;&#x9AA;&#x9C1;&#x9B0;, &#x9A8;&#x9BE;&#x9B0;&#x9BE;&#x9AF;&#x9BC;&#x9A3;&#x997;&#x99E;&#x9CD;&#x99C;, &#x9AE;&#x9C1;&#x9A8;&#x9CD;&#x9B8;&#x9BF;&#x997;&#x99E;&#x9CD;&#x99C;, &#x9A8;&#x9B0;&#x9B8;&#x982;&#x9A6;&#x9C0;]  --&#x996;&#x9A3;&#x9CD;&#x9A1; &#x9EA; [&#x9AE;&#x9AF;&#x9BC;&#x9AE;&#x9A8;&#x9B8;&#x9BF;&#x982;&#x9B9;, &#x99F;&#x9BE;&#x999;&#x9CD;&#x997;&#x9BE;&#x987;&#x9B2;, &#x99C;&#x9BE;&#x9AE;&#x9BE;&#x9B2;&#x9AA;&#x9C1;&#x9B0;, &#x9B6;&#x9C7;&#x9B0;&#x9AA;&#x9C1;&#x9B0;. &#x9A8;&#x9C7;&#x9A4;&#x9CD;&#x9B0;&#x995;&#x9CB;&#x9A8;&#x9BE; &#x993; &#x995;&#x9BF;&#x9B6;&#x9CB;&#x9B0;&#x997;&#x99E;&#x9CD;&#x99C; -- &#x996;&#x9A3;&#x9CD;&#x9A1; &#x9EB; [&#x9B0;&#x982;&#x9AA;&#x9C1;&#x9B0;, &#x995;&#x9C1;&#x9A1;&#x9BC;&#x9BF;&#x997;&#x9CD;&#x9B0;&#x9BE;&#x9AE;, &#x997;&#x9BE;&#x987;&#x9AC;&#x9BE;&#x9A8;&#x9CD;&#x9A7;&#x9BE;, &#x9A8;&#x9C0;&#x9B2;&#x9AB;&#x9BE;&#x9AE;&#x9BE;&#x9B0;&#x9C0;, &#x9A0;&#x9BE;&#x995;&#x9C1;&#x9B0;&#x997;&#x9BE;&#x981;&#x993;, &#x9AA;&#x99E;&#x9CD;&#x99A;&#x997;&#x9A1;&#x9BC;, &#x9B2;&#x9BE;&#x9B2;&#x9AE;&#x9A8;&#x9BF;&#x9B0;&#x9B9;&#x9BE;&#x99F; &#x993; &#x9A6;&#x9BF;&#x9A8;&#x9BE;&#x99C;&#x9AA;&#x9C1;&#x9B0;] -- &#x996;&#x9A3;&#x9CD;&#x9A1; &#x9EC; [&#x9B0;&#x9BE;&#x99C;&#x9B6;&#x9BE;&#x9B9;&#x9C0;, &#x99A;&#x9BE;&#x981;&#x9AA;&#x9BE;&#x987;&#x9A8;&#x9AC;&#x9BE;&#x9AC;&#x997;&#x99E;&#x9CD;&#x99C;, &#x9A8;&#x9BE;&#x99F;&#x9CB;&#x9B0;, &#x9A8;&#x993;&#x997;&#x9BE;&#x981;, &#x99C;&#x9AF;&#x9BC;&#x9AA;&#x9C1;&#x9B0;&#x9B9;&#x9BE;&#x99F;, &#x9B8;&#x9BF;&#x9B0;&#x9BE;&#x99C;&#x997;&#x99E;&#x9CD;&#x99C;, &#x9AC;&#x997;&#x9C1;&#x9A1;&#x9BC;&#x9BE; &#x993; &#x9AA;&#x9BE;&#x9AC;&#x9A8;&#x9BE;]  -- &#x996;&#x9A3;&#x9CD;&#x9A1; &#x9ED; [&#x9AC;&#x9C3;&#x9B9;&#x9A4;&#x9CD;&#x9A4;&#x9B0; &#x9AF;&#x9B6;&#x9CB;&#x9B0;, &#x995;&#x9C1;&#x9B7;&#x9CD;&#x99F;&#x9BF;&#x9AF;&#x9BC;&#x9BE;, &#x995;&#x9C1;&#x9B2;&#x9A8;&#x9BE;, &#x9AB;&#x9B0;&#x9BF;&#x9A6;&#x9AA;&#x9C1;&#x9B0; &#x993; &#x9AC;&#x9B0;&#x9BF;&#x9B6;&#x9BE;&#x9B2; &#x99C;&#x9C7;&#x9B2;&#x9BE;]  </subfield>
  </datafield>
  <datafield tag="650" ind1=" " ind2=" ">
    <subfield code="a">&#x9AE;&#x9C1;&#x995;&#x9CD;&#x9A4;&#x9BF;&#x9AF;&#x9C1;&#x9A6;&#x9CD;&#x9A7;</subfield>
    <subfield code="z">&#x9AC;&#x9BE;&#x982;&#x9B2;&#x9BE;&#x9A6;&#x9C7;&#x9B6;</subfield>
    <subfield code="x">&#x987;&#x9A4;&#x9BF;&#x9B9;&#x9BE;&#x9B8;</subfield>
    <subfield code="9">176068</subfield>
  </datafield>
  <datafield tag="650" ind1=" " ind2=" ">
    <subfield code="a">Liberation War</subfield>
    <subfield code="z">Bangladesh</subfield>
    <subfield code="x">History</subfield>
    <subfield code="9">176069</subfield>
  </datafield>
  <datafield tag="710" ind1=" " ind2=" ">
    <subfield code="a">&#x98F;&#x9B0;&#x9BF;&#x9AF;&#x9BC;&#x9BE; &#x9B8;&#x9A6;&#x9B0; &#x9A6;&#x9AA;&#x9CD;&#x9A4;&#x9B0; &#x99A;&#x99F;&#x9CD;&#x9B0;&#x997;&#x9CD;&#x9B0;&#x9BE;&#x9AE;, &#x9B8;&#x9AE;&#x9CD;&#x9AA;&#x9BE;&#x9A6;&#x995;  </subfield>
    <subfield code="9">176071</subfield>
  </datafield>
  <datafield tag="710" ind1=" " ind2=" ">
    <subfield code="a">&#x98F;&#x9B0;&#x9BF;&#x9AF;&#x9BC;&#x9BE; &#x9B8;&#x9A6;&#x9B0; &#x9A6;&#x9AA;&#x9CD;&#x9A4;&#x9B0; &#x995;&#x9C1;&#x9AE;&#x9BF;&#x9B2;&#x9CD;&#x9B2;&#x9BE;, &#x9B8;&#x9AE;&#x9CD;&#x9AA;&#x9BE;&#x9A6;&#x995;   </subfield>
    <subfield code="9">176072</subfield>
  </datafield>
  <datafield tag="710" ind1=" " ind2=" ">
    <subfield code="a">&#x98F;&#x9B0;&#x9BF;&#x9AF;&#x9BC;&#x9BE; &#x9B8;&#x9A6;&#x9B0; &#x9A6;&#x9AA;&#x9CD;&#x9A4;&#x9B0; &#x9B8;&#x9BE;&#x9AD;&#x9BE;&#x9B0; (&#x9EC; &#x9B8;&#x9CD;&#x9AC;&#x9A4;&#x9A8;&#x9CD;&#x9A4;&#x9CD;&#x9B0; &#x98F;&#x9A1;&#x9BF;&#x98F; &#x9AC;&#x9CD;&#x9B0;&#x9BF;&#x997;&#x9C7;&#x9A1;, &#x9E7;&#x9EA; &#x9B8;&#x9CD;&#x9AC;&#x9A4;&#x9A8;&#x9CD;&#x9A4;&#x9CD;&#x9B0; &#x987;&#x99E;&#x9CD;&#x99C;&#x9BF;&#x9A8;&#x9BF;&#x9AF;&#x9BC;&#x9BE;&#x9B0; &#x9AC;&#x9CD;&#x9B0;&#x9BF;&#x997;&#x9C7;&#x9A1;, &#x9EA;&#x9EC; &#x9B8;&#x9CD;&#x9AC;&#x9A4;&#x9A8;&#x9CD;&#x9A4;&#x9CD;&#x9B0; &#x9AA;&#x9A6;&#x9BE;&#x9A4;&#x9BF;&#x995; &#x9AC;&#x9CD;&#x9B0;&#x9BF;&#x997;&#x9C7;&#x9A1;), &#x9B8;&#x9AE;&#x9CD;&#x9AA;&#x9BE;&#x9A6;&#x995;   </subfield>
    <subfield code="9">176073</subfield>
  </datafield>
  <datafield tag="710" ind1=" " ind2=" ">
    <subfield code="a">&#x98F;&#x9B0;&#x9BF;&#x9AF;&#x9BC;&#x9BE; &#x9B8;&#x9A6;&#x9B0; &#x9A6;&#x9AA;&#x9CD;&#x98F;&#x9B0;&#x9BF;&#x9AF;&#x9BC;&#x9BE; &#x9B8;&#x9A6;&#x9B0; &#x9A6;&#x9AA;&#x9CD;&#x9A4;&#x9B0; &#x998;&#x9BE;&#x99F;&#x9BE;&#x987;&#x9B2;, &#x9B8;&#x9AE;&#x9CD;&#x9AA;&#x9BE;&#x9A6;&#x995;   </subfield>
    <subfield code="9">176074</subfield>
  </datafield>
  <datafield tag="710" ind1=" " ind2=" ">
    <subfield code="a">&#x98F;&#x9B0;&#x9BF;&#x9AF;&#x9BC;&#x9BE; &#x9B8;&#x9A6;&#x9B0; &#x9A6;&#x9AA;&#x9CD;&#x9A4;&#x9B0; &#x9B0;&#x982;&#x9AA;&#x9C1;&#x9B0;, &#x9B8;&#x9AE;&#x9CD;&#x9AA;&#x9BE;&#x9A6;&#x995;  </subfield>
    <subfield code="9">176075</subfield>
  </datafield>
  <datafield tag="710" ind1=" " ind2=" ">
    <subfield code="a">&#x98F;&#x9B0;&#x9BF;&#x9AF;&#x9BC;&#x9BE; &#x9B8;&#x9A6;&#x9B0; &#x9A6;&#x9AA;&#x9CD;&#x9A4;&#x9B0; &#x9AC;&#x997;&#x9C1;&#x9A1;&#x9BC;&#x9BE;, &#x9B8;&#x9AE;&#x9CD;&#x9AA;&#x9BE;&#x9A6;&#x995;  </subfield>
    <subfield code="9">176076</subfield>
  </datafield>
  <datafield tag="710" ind1=" " ind2=" ">
    <subfield code="a">&#x98F;&#x9B0;&#x9BF;&#x9AF;&#x9BC;&#x9BE; &#x9B8;&#x9A6;&#x9B0; &#x9A6;&#x9AA;&#x9CD;&#x9A4;&#x9B0; &#x9AF;&#x9B6;&#x9CB;&#x9B0;, &#x9B8;&#x9AE;&#x9CD;&#x9AA;&#x9BE;&#x9A6;&#x995;  </subfield>
    <subfield code="9">176077</subfield>
  </datafield>
  <datafield tag="942" ind1=" " ind2=" ">
    <subfield code="2">ddc</subfield>
    <subfield code="c">RAR</subfield>
  </datafield>
  <datafield tag="999" ind1=" " ind2=" ">
    <subfield code="c">47715</subfield>
    <subfield code="d">47715</subfield>
  </datafield>
  <datafield tag="952" ind1=" " ind2=" ">
    <subfield code="0">0</subfield>
    <subfield code="1">0</subfield>
    <subfield code="2">ddc</subfield>
    <subfield code="4">0</subfield>
    <subfield code="7">1</subfield>
    <subfield code="8">RARE</subfield>
    <subfield code="a">RUCL</subfield>
    <subfield code="b">RUCL</subfield>
    <subfield code="c">Rare</subfield>
    <subfield code="d">2009-05-17</subfield>
    <subfield code="e">Dhaka, Asia Publications</subfield>
    <subfield code="g">675.00</subfield>
    <subfield code="l">0</subfield>
    <subfield code="o">BRA 355.475492 BAB V-1(Pt-1) 2008</subfield>
    <subfield code="r">2016-12-21 00:00:00</subfield>
    <subfield code="t">C-1</subfield>
    <subfield code="w">2021-12-09</subfield>
    <subfield code="y">RAR</subfield>
  </datafield>
  <datafield tag="952" ind1=" " ind2=" ">
    <subfield code="0">0</subfield>
    <subfield code="1">0</subfield>
    <subfield code="2">ddc</subfield>
    <subfield code="4">0</subfield>
    <subfield code="7">1</subfield>
    <subfield code="8">RARE</subfield>
    <subfield code="a">RUCL</subfield>
    <subfield code="b">RUCL</subfield>
    <subfield code="c">Rare</subfield>
    <subfield code="d">2009-05-17</subfield>
    <subfield code="e">Dhaka, Asia Publications</subfield>
    <subfield code="g">675.00</subfield>
    <subfield code="l">0</subfield>
    <subfield code="o">BRA 355.475492 BAB V-1(Pt-2) 2008</subfield>
    <subfield code="r">2016-12-21 00:00:00</subfield>
    <subfield code="t">C-1</subfield>
    <subfield code="w">2021-12-09</subfield>
    <subfield code="y">RAR</subfield>
  </datafield>
  <datafield tag="952" ind1=" " ind2=" ">
    <subfield code="0">0</subfield>
    <subfield code="1">0</subfield>
    <subfield code="2">ddc</subfield>
    <subfield code="4">0</subfield>
    <subfield code="7">1</subfield>
    <subfield code="8">RARE</subfield>
    <subfield code="a">RUCL</subfield>
    <subfield code="b">RUCL</subfield>
    <subfield code="c">Rare</subfield>
    <subfield code="d">2009-05-17</subfield>
    <subfield code="e">Dhaka, Asia Publications</subfield>
    <subfield code="g">1000.00</subfield>
    <subfield code="l">0</subfield>
    <subfield code="o">BRA 355.475492 BAB V-2 2008</subfield>
    <subfield code="r">2016-12-21 00:00:00</subfield>
    <subfield code="t">C-1</subfield>
    <subfield code="w">2021-12-09</subfield>
    <subfield code="y">RAR</subfield>
  </datafield>
  <datafield tag="952" ind1=" " ind2=" ">
    <subfield code="0">0</subfield>
    <subfield code="1">0</subfield>
    <subfield code="2">ddc</subfield>
    <subfield code="4">0</subfield>
    <subfield code="7">1</subfield>
    <subfield code="8">RARE</subfield>
    <subfield code="a">RUCL</subfield>
    <subfield code="b">RUCL</subfield>
    <subfield code="c">Rare</subfield>
    <subfield code="d">2009-05-17</subfield>
    <subfield code="e">Dhaka, Asia Publications</subfield>
    <subfield code="g">500.00</subfield>
    <subfield code="l">0</subfield>
    <subfield code="o">BRA 355.475492 BAB V-3 2008</subfield>
    <subfield code="r">2016-12-21 00:00:00</subfield>
    <subfield code="t">C-1</subfield>
    <subfield code="w">2021-12-09</subfield>
    <subfield code="y">RAR</subfield>
  </datafield>
  <datafield tag="952" ind1=" " ind2=" ">
    <subfield code="0">0</subfield>
    <subfield code="1">0</subfield>
    <subfield code="2">ddc</subfield>
    <subfield code="4">0</subfield>
    <subfield code="7">1</subfield>
    <subfield code="8">RARE</subfield>
    <subfield code="a">RUCL</subfield>
    <subfield code="b">RUCL</subfield>
    <subfield code="c">Rare</subfield>
    <subfield code="d">2009-05-17</subfield>
    <subfield code="e">Dhaka, Asia Publications</subfield>
    <subfield code="g">500.00</subfield>
    <subfield code="l">0</subfield>
    <subfield code="o">BRA 355.475492 BAB V-4 2008</subfield>
    <subfield code="r">2016-12-21 00:00:00</subfield>
    <subfield code="t">C-1</subfield>
    <subfield code="w">2021-12-09</subfield>
    <subfield code="y">RAR</subfield>
  </datafield>
  <datafield tag="952" ind1=" " ind2=" ">
    <subfield code="0">0</subfield>
    <subfield code="1">0</subfield>
    <subfield code="2">ddc</subfield>
    <subfield code="4">0</subfield>
    <subfield code="7">1</subfield>
    <subfield code="8">RARE</subfield>
    <subfield code="a">RUCL</subfield>
    <subfield code="b">RUCL</subfield>
    <subfield code="c">Rare</subfield>
    <subfield code="d">2009-05-17</subfield>
    <subfield code="e">Dhaka, Asia Publications</subfield>
    <subfield code="g">375.00</subfield>
    <subfield code="l">0</subfield>
    <subfield code="o">BRA 355.475492 BAB V-5 2008</subfield>
    <subfield code="r">2016-12-21 00:00:00</subfield>
    <subfield code="t">C-1</subfield>
    <subfield code="w">2021-12-09</subfield>
    <subfield code="y">RAR</subfield>
  </datafield>
  <datafield tag="952" ind1=" " ind2=" ">
    <subfield code="0">0</subfield>
    <subfield code="1">0</subfield>
    <subfield code="2">ddc</subfield>
    <subfield code="4">0</subfield>
    <subfield code="7">1</subfield>
    <subfield code="8">RARE</subfield>
    <subfield code="a">RUCL</subfield>
    <subfield code="b">RUCL</subfield>
    <subfield code="c">Rare</subfield>
    <subfield code="d">2009-05-17</subfield>
    <subfield code="e">Dhaka, Asia Publications</subfield>
    <subfield code="g">500.00</subfield>
    <subfield code="l">0</subfield>
    <subfield code="o">BRA 355.475492 BAB V-6 2008</subfield>
    <subfield code="r">2016-12-21 00:00:00</subfield>
    <subfield code="t">C-1</subfield>
    <subfield code="w">2021-12-09</subfield>
    <subfield code="y">RAR</subfield>
  </datafield>
  <datafield tag="952" ind1=" " ind2=" ">
    <subfield code="0">0</subfield>
    <subfield code="1">0</subfield>
    <subfield code="2">ddc</subfield>
    <subfield code="4">0</subfield>
    <subfield code="7">1</subfield>
    <subfield code="8">RARE</subfield>
    <subfield code="a">RUCL</subfield>
    <subfield code="b">RUCL</subfield>
    <subfield code="c">Rare</subfield>
    <subfield code="d">2009-05-17</subfield>
    <subfield code="e">Dhaka, Asia Publications</subfield>
    <subfield code="g">350.00</subfield>
    <subfield code="l">0</subfield>
    <subfield code="o">BRA 355.475492 BAB V-7 2008</subfield>
    <subfield code="r">2016-12-21 00:00:00</subfield>
    <subfield code="t">C-1</subfield>
    <subfield code="w">2021-12-09</subfield>
    <subfield code="y">RAR</subfield>
  </datafield>
</record>
